000 00490nam a2200157 i 4500
001 185543
003 ES-MaACL
005 20230906222448.0
008 160705s1895 xxu |||| | eng d
100 1 _aKitson, Arthur (
_d1860-1937)
_9160088
245 1 2 _aA scientific solution of the money question /
_cby Arthur Kitson.
260 _aBoston :
_bArena Publishing Company,
_c1895.
300 _aXV, 418 p. ;
_c20 cm.
650 4 _aPolĂ­tica monetaria.
_916300
852 _aES-MaACL
_jG-1045
999 _c185543
_d185543